| LEADER |
00654nam0a2200193 450 |
| 001 |
16825389 |
| 010 |
|
|
|a 978-2-36856-098-3
|b rel.
|d 16,5
|
| 100 |
|
|
|a 20160719d2026 u u0frey01 ba
|
| 101 |
0 |
|
|a fre
|
| 102 |
|
|
|a FR
|
| 200 |
0 |
|
|a 100 chevaliers au secours de la princesse
|e livre-jeu
|f Camilla Falsini
|
| 207 |
|
1 |
|a
|
| 210 |
|
|
|a Lyon
|c Editions Amaterra
|d DL 2016
|
| 215 |
|
|
|a 1 vol. (non paginé [24] p.)
|c ill. en coul.
|d 31 cm
|
| 300 |
|
|
|a Livre cartonné,Livre cartonné
|
| 700 |
|
0 |
|a Falsini
|b Camilla
|4 70
|
| 900 |
|
|
|a Album
|
| 901 |
|
|
|a Accessible au prêt
|
| 995 |
|
|
|a Bibliothèque
|c Bibliothèque
|f 024023394
|h 024023394
|k A FAL
|o p
|q j
|r az
|e Bibliothèque
|